Sports Quiz

Random Sports or Play Quiz

MLB Ultimate Lineups: 1930s Quiz Stats

 Plays Quiz not verified by Sporcle

Challenge
Share
Tweet
Score 0/24 Timer 08:00
0 Plays Today
% Correct
Babe Ruth
93%
Jimmie Foxx
89.5%
3rd
84.2%
Earle Combs
82.5%
Mel Ott
80.7%
Right Field
80.7%
Catcher
78.9%
First Base
77.2%
Second Base
74.6%
Billy Herman
72.8%
Center Field
71.1%
George Selkirk
66.7%
% Correct
Dick Bartell
65.8%
Gabby Hartnett
64.9%
1st
64.9%
Shortstop
64%
2nd
64%
5th
63.2%
7th
57.9%
8th
57%
Third Base
51.8%
Left Field
47.4%
6th
45.6%
4th
27.2%

You're not logged in!

Compare scores with friends on all Sporcle quizzes.
OR
Log In

You Might Also Like...

Show Comments

Extras

Top Quizzes Today


Score Distribution

Your Account Isn't Verified!

In order to create a playlist on Sporcle, you need to verify the email address you used during registration. Go to your Sporcle Settings to finish the process.

Report this User

Report this user for behavior that violates our Community Guidelines.

Details: